Structures and procedures of implicit knowledge

Saved in:
Bibliografiske detaljer
Main Authors: Graesser, Arthur C (Author), Clark, Leslie F (Author)
Format: Bog
Sprog:engelsk
Udgivet: Nueva York Ablex 1985
Serier:Advances in Discourse Processes, 17
Fag:
Tags: Tilføj Tag
Ingen Tags, Vær først til at tagge denne postø!

MARC

LEADER 00000nam a2200000 a 4500
001 UCO6517
003 CL-VaPUC
008 001020e19850000US |||||||||||||||||eng|d
082 0 4 |a 153.4  |b GRA  |2 21 
100 |a Graesser, Arthur C  |e author  |9 577158 
700 0 |a Clark, Leslie F  |e author  |9 451215 
245 1 0 |a Structures and procedures of implicit knowledge 
300 |a 326 p 
942 |c BK 
945 |d 20001020 00:00:00  |a cmena 
260 |a Nueva York  |b Ablex  |c 1985 
650 0 |a Teoría del conocimiento   |9 255038 
650 0 |a Cognición   |9 270347 
650 0 |a Comprensión de lectura  |9 307588 
583 |a last modification  |c 20130419 08:55:45  |k Rodrigo Vera 
490 0 |a Advances in Discourse Processes, 17 
999 |c 292009  |d 292007 
952 |0 0  |1 0  |4 0  |6 153_400000000000000_GRA_1985  |7 0  |8 A  |9 342440  |a FDOPOS  |b FDOPOS  |d 2019-11-20  |i 3654346  |o 153.4 GRA 1985  |p 3654346  |r 2025-01-22  |w 2019-11-20  |y BK  |k MLA